[Event "Titled Tue 27th May Early"]
[Site "chess.com INT"]
[Date "2025.05.27"]
[Round "3"]
[White "Sabuk, Piotr"]
[Black "Jyothilal, N."]
[Result "1-0"]
[WhiteTitle "IM"]
[BlackTitle "CM"]
[WhiteElo "2321"]
[BlackElo "1913"]
[WhiteFideId "1137565"]
[BlackFideId "5002605"]
[EventDate "2025.05.27"]

1. d4 Nf6 2. c4 g6 3. Nc3 d5 4. Bf4 Bg7 5. e3 O-O 6. Bd3 c5 7. dxc5 Qa5 8. Nf3
dxc4 9. Bxc4 Qxc5 10. Qd4 Qxd4 11. Nxd4 Nbd7 12. Ndb5 e5 13. Bg3 Nh5 14. Bh4 Nb6
15. Bb3 Bd7 16. O-O Bc6 17. Rfd1 Nf6 18. Nd6 Nfd7 19. Be7 Nc5 20. Bxf8 Nxb3 21.
Bxg7 Nxa1 22. Bxe5 Nc2 23. a3 Na4 24. Rd2 Nxc3 25. Bxc3 Na1 26. Bf6 Nb3 27. Rd3
Nc5 28. Rc3 Nd7 29. Bd4 Nb6 30. e4 Rd8 31. Bxb6 Rxd6 32. f3 axb6 33. Rc2 Rd3 34.
Kf2 Kf8 35. Ke2 Rb3 36. Rd2 Ke7 37. Kf2 Bb5 38. h4 Rd3 39. Rc2 Bc6 40. Ke2 Rd6
41. Ke3 Rd1 42. Kf4 h6 43. g3 Rg1 44. Rd2 g5+ 45. hxg5 hxg5+ 46. Kxg5 Rxg3+ 47.
Kf4 Rg1 48. Ke5 Rf1 49. Kf4 Rb1 50. Rc2 b5 51. Rd2 Rc1 52. Ke5 Rf1 53. Kf4 f6
54. Rh2 Rd1 55. Rc2 Rd4 56. Rh2 b4 57. axb4 Rxb4 58. Kf5 Bd7+ 59. Kf4 Be6 60.
Rc2 Rb5 61. Rc7+ Kd6 62. Rc2 Rc5 63. Rd2+ Kc6 64. Ke3 Bd7 65. Kf4 b6 66. Ke3 f5
67. exf5 Rxf5 68. Ke4 Rc5 69. Rd4 Be6 70. Rd2 Bf5+ 71. Kf4 Bc2 72. Ke3 b5 73. f4
b4 74. Rh2 b3 75. Kd4 Rf5 76. Rh6+ Kb5 77. Ke3 Rf7 78. Re6 Kc4 79. Rc6+ Kd5 80.
Ra6 Re7+ 81. Kd2 Ke4 82. Ra4+ Kf5 83. Rd4 Re4 84. Rxe4 Kxe4 85. f5 Kxf5 86. Kc1
Ke4 87. Kd2 Kd4 88. Kc1 Kc4 89. Kd2 Bg6 90. Kc1 Kd3 91. Kb1 1-0

[Event "Titled Tue 27th May Early"]
[Site "chess.com INT"]
[Date "2025.05.27"]
[Round "3"]
[White "Nikologorskiy, Konstantin"]
[Black "Kravtsiv, Martyn"]
[Result "1/2-1/2"]
[WhiteTitle "IM"]
[BlackTitle "GM"]
[WhiteElo "2413"]
[BlackElo "2598"]
[WhiteFideId "24111708"]
[BlackFideId "14113147"]
[EventDate "2025.05.27"]

1. e4 e5 2. Nf3 Nc6 3. Bb5 a6 4. Ba4 Nf6 5. Nc3 b5 6. Bb3 Be7 7. a4 b4 8. Nd5
O-O 9. d4 exd4 10. O-O Bb7 11. Re1 d6 12. Nxd4 Nxd4 13. Qxd4 c5 14. Qd3 Nxd5 15.
Bxd5 Bxd5 16. Qxd5 Bf6 17. Rb1 Re8 18. Bf4 Be5 19. Bg3 Bxg3 20. hxg3 Re5 21. Qd3
d5 22. Rbd1 Qe8 23. b3 dxe4 24. Qd6 e3 25. f4 Re4 26. Re2 c4 27. Qxb4 Rd8 28.
Rde1 h5 29. Qc3 cxb3 30. cxb3 Rc8 31. Qd3 Rd8 32. Qxa6 h4 33. gxh4 Qe7 34. g3
Qc5 35. Kg2 f5 36. Qb5 Qxb5 37. axb5 Rd3 38. Rb2 Rb4 39. Kf3 e2+ 40. Kf2 Rdxb3
41. Rxb3 Rxb3 42. Rxe2 Rxb5 43. Re5 Rb2+ 44. Kf3 g6 45. Re7 Kf8 46. Rc7 Ra2 47.
Ke3 Ra3+ 48. Kf2 Ra2+ 49. Kf3 Ra3+ 50. Kg2 Ra1 51. Kh3 Rh1+ 52. Kg2 Ra1 53. Rb7
Kg8 54. Kh2 Kf8 55. Kh3 Rh1+ 56. Kg2 Ra1 57. h5 gxh5 58. Rb5 Kg7 59. Rxf5 Kg6
60. Rg5+ Kh6 61. Rb5 Kg6 62. Rb6+ Kg7 63. Rc6 Kh7 64. Kf3 Kg7 65. Re6 Ra5 66.
Re5 Ra3+ 67. Kg2 Kg6 68. Re6+ Kg7 69. Re5 Kg6 70. Kf2 Ra2+ 71. Kf3 Ra3+ 72. Re3
Ra6 73. Rd3 Ra1 74. Ke4 Re1+ 75. Re3 Rd1 76. Kf3 Rf1+ 77. Kg2 Rd1 78. Re5 Rd3
79. Rg5+ Kh6 80. Kh3 Rd1 81. Rg8 Rh1+ 82. Kg2 Rd1 83. Kf3 Kh7 84. Rg5 Kh6 85.
Ra5 Rd3+ 86. Kf2 Rb3 87. Re5 Rb2+ 88. Re2 Rb3 89. Re3 Rb2+ 90. Kf3 Kg6 91. Re6+
Kg7 92. Rd6 Rb4 93. Rd3 Ra4 94. Rb3 Rc4 95. Rb5 Kg6 96. Re5 Rc3+ 97. Re3 Rc4 98.
Rd3 Rb4 99. Ke3 Ra4 100. Rd6+ Kg7 101. Rd4 Ra3+ 102. Rd3 Ra4 103. Rd6 Ra3+ 104.
Kf2 Kh7 105. f5 Ra5 106. Rf6 Kg7 107. Rg6+ Kh7 108. Rg5 Kh6 109. Rg6+ Kh7 110.
Rg5 Kh6 111. Rg6+ Kh7 1/2-1/2

[Event "Titled Tue 27th May Early"]
[Site "chess.com INT"]
[Date "2025.05.27"]
[Round "4"]
[White "Dicen, Elis Denele"]
[Black "Rose, Felix"]
[Result "1-0"]
[WhiteTitle "WFM"]
[BlackTitle "CM"]
[WhiteElo "2135"]
[BlackElo "2093"]
[WhiteFideId "462560"]
[BlackFideId "5105722"]
[EventDate "2025.05.27"]

1. e4 e5 2. Nf3 Nc6 3. d4 exd4 4. Nxd4 Nf6 5. Nxc6 bxc6 6. Nd2 d5 7. exd5 cxd5
8. Bb5+ Bd7 9. Bxd7+ Qxd7 10. O-O Be7 11. Re1 O-O 12. b3 c6 13. Bb2 a5 14. a4
Rfe8 15. Nf3 Ne4 16. Rxe4 1-0

[Event "Titled Tue 27th May Early"]
[Site "chess.com INT"]
[Date "2025.05.27"]
[Round "4"]
[White "Skiadopoulos, Nikolaos"]
[Black "Goltsev, Dmitry"]
[Result "0-1"]
[WhiteTitle "CM"]
[BlackTitle "FM"]
[WhiteElo "1882"]
[BlackElo "2183"]
[WhiteFideId "4200772"]
[BlackFideId "24176710"]
[EventDate "2025.05.27"]

1. e4 e6 2. d4 d5 3. e5 c5 4. c3 Nc6 5. Nf3 Qb6 6. a3 Nh6 7. b4 cxd4 8. Bxh6
gxh6 9. cxd4 Rg8 10. h3 a5 11. b5 Ne7 12. Bd3 Rxg2 13. Bxh7 Qxb5 14. Bd3 Qb2 15.
Nbd2 Bd7 16. Rb1 Qxa3 17. Rxb7 Qxd3 18. Rxd7 Kxd7 19. Qa4+ Nc6 20. Nb3 Bb4+ 0-1

[Event "Titled Tue 27th May Early"]
[Site "chess.com INT"]
[Date "2025.05.27"]
[Round "4"]
[White "Terry, Renato"]
[Black "Kleimenov, Nikolay"]
[Result "1-0"]
[WhiteTitle "IM"]
[BlackTitle "CM"]
[WhiteElo "2508"]
[BlackElo "2198"]
[WhiteFideId "3803457"]
[BlackFideId "34414223"]
[EventDate "2025.05.27"]

1. e4 c5 2. Nf3 d6 3. Bb5+ Nd7 4. d4 cxd4 5. Qxd4 a6 6. Bxd7+ Qxd7 7. Nc3 e5 8.
Qd3 Qc6 9. Nd5 Ne7 10. c4 b5 11. cxb5 axb5 12. Qxb5 Qxb5 13. Nc7+ Kd7 14. Nxb5
Ba6 15. Nc3 Nc6 16. Be3 Nb4 17. O-O-O Bc4 18. Nxe5+ 1-0

[Event "Titled Tue 27th May Early"]
[Site "chess.com INT"]
[Date "2025.05.27"]
[Round "4"]
[White "Kiran, Manisha Mohanty"]
[Black "Hasman, Cengiz"]
[Result "0-1"]
[WhiteTitle "WGM"]
[WhiteElo "2031"]
[BlackElo "2079"]
[WhiteFideId "5019575"]
[BlackFideId "413364"]
[EventDate "2025.05.27"]

1. e4 d6 2. d4 Nf6 3. Nc3 Nbd7 4. Nf3 e5 5. Bc4 Be7 6. O-O c6 7. a4 a5 8. Re1
Qc7 9. h3 h6 10. Be3 Nf8 11. Qd3 g5 12. Nd2 Ng6 13. Ba2 g4 14. hxg4 Nxg4 15.
Rad1 Bg5 16. Bxg5 hxg5 17. Nc4 Nf4 18. Qd2 f6 19. dxe5 Rh1+ 20. Kxh1 Qh7+ 21.
Kg1 Qh2+ 22. Kf1 Qh1# 0-1

[Event "Titled Tue 27th May Early"]
[Site "chess.com INT"]
[Date "2025.05.27"]
[Round "4"]
[White "Panda, Sambit"]
[Black "Butti, Enrique"]
[Result "1-0"]
[WhiteTitle "IM"]
[BlackTitle "CM"]
[WhiteElo "2369"]
[BlackElo "1998"]
[WhiteFideId "25091794"]
[BlackFideId "3700470"]
[EventDate "2025.05.27"]

1. d4 Nf6 2. c4 e6 3. Nc3 c5 4. d5 exd5 5. cxd5 d6 6. h3 Qe7 7. Bf4 a6 8. a4 g6
9. Nf3 Bg7 10. e3 O-O 11. Be2 Nbd7 12. O-O Nh5 13. Bh2 f5 14. Nd2 f4 15. Bxh5
fxe3 16. Nc4 exf2+ 17. Kh1 gxh5 18. Bxd6 Qh4 19. Bxf8 Ne5 20. Nxe5 Bxe5 21. Qf3
Bg4 22. Qxf2 Bg3 23. Qf7+ 1-0

[Event "Titled Tue 27th May Early"]
[Site "chess.com INT"]
[Date "2025.05.27"]
[Round "4"]
[White "Kushko, Dmitriy"]
[Black "Golubova, Anna"]
[Result "1-0"]
[WhiteTitle "IM"]
[BlackTitle "WIM"]
[WhiteElo "2454"]
[BlackElo "2112"]
[WhiteFideId "14162261"]
[BlackFideId "24173606"]
[EventDate "2025.05.27"]

1. g3 g6 2. Bg2 Bg7 3. d4 Nf6 4. e4 O-O 5. Nc3 d6 6. Nf3 c6 7. O-O Nbd7 8. e5
Ng4 9. e6 fxe6 10. Ng5 Ndf6 11. h3 Nh6 12. Re1 Nd5 13. Nxe6 Bxe6 14. Rxe6 Nxc3
15. bxc3 Nf5 16. Qe2 Rf6 17. g4 Nh4 18. Rxe7 Nxg2 19. Kxg2 c5 20. Bg5 cxd4 21.
Bxf6 Bxf6 22. Qe6+ 1-0

[Event "Titled Tue 27th May Early"]
[Site "chess.com INT"]
[Date "2025.05.27"]
[Round "4"]
[White "Ivashentseva, Dominika"]
[Black "Thorhallsson, Simon"]
[Result "1-0"]
[WhiteTitle "WCM"]
[BlackTitle "FM"]
[WhiteElo "1921"]
[BlackElo "2218"]
[WhiteFideId "34331050"]
[BlackFideId "2310090"]
[EventDate "2025.05.27"]

1. d4 g6 2. c4 Bg7 3. Nf3 d6 4. g3 Bf5 5. Bg2 c6 6. O-O Qc8 7. Ng5 h6 8. e4 Bg4
9. f3 Bd7 10. Nxf7 Kxf7 11. f4 Bh3 12. f5 Bxg2 13. fxg6+ Kxg6 14. Kxg2 Nf6 15.
e5 Qg4 16. Rxf6+ Kh5 17. Rf5+ 1-0

[Event "Titled Tue 27th May Early"]
[Site "chess.com INT"]
[Date "2025.05.27"]
[Round "4"]
[White "Krsnik Cohar, Ivan Vihor"]
[Black "Parfenov, Viktor N."]
[Result "1-0"]
[WhiteTitle "FM"]
[BlackTitle "CM"]
[WhiteElo "2362"]
[BlackElo "2193"]
[WhiteFideId "14520044"]
[BlackFideId "4165969"]
[EventDate "2025.05.27"]

1. d4 d5 2. Bf4 c5 3. e3 cxd4 4. exd4 Nc6 5. c3 Nf6 6. Bd3 Bg4 7. Qb3 Qc8 8. Nd2
e6 9. Ngf3 Be7 10. Ne5 Nxe5 11. Bxe5 O-O 12. h3 Bh5 13. O-O Bg6 14. Bxg6 hxg6
15. Rfe1 Qd7 16. Rac1 Bd6 17. Bxf6 gxf6 18. Nf1 Kg7 19. Ne3 b5 20. Qd1 f5 21. a3
a5 22. Qf3 Rh8 23. Red1 Rac8 24. a4 bxa4 25. c4 dxc4 26. Nxc4 Bb4 27. Nb6 1-0

[Event "Titled Tue 27th May Early"]
[Site "chess.com INT"]
[Date "2025.05.27"]
[Round "4"]
[White "Lyutsinger, Iren"]
[Black "Maltsevskaya, Aleksandra"]
[Result "1-0"]
[WhiteTitle "FM"]
[BlackTitle "IM"]
[WhiteElo "2266"]
[BlackElo "2398"]
[WhiteFideId "34425969"]
[BlackFideId "24174041"]
[EventDate "2025.05.27"]

1. e4 c5 2. Nf3 e6 3. d4 cxd4 4. Nxd4 Nf6 5. Nd2 e5 6. Nb5 a6 7. Nc3 b5 8. a4 b4
9. Nd5 Bb7 10. Bc4 Nxd5 11. exd5 d6 12. O-O g6 13. f4 Bg7 14. f5 Qh4 15. Qe2 Nd7
16. Ne4 O-O 17. Bg5 Qh5 18. Qxh5 gxh5 19. f6 Bh8 20. Nxd6 Nb6 21. Nf5 h6 22.
Ne7+ Kh7 23. Bd3+ 1-0

[Event "Titled Tue 27th May Early"]
[Site "chess.com INT"]
[Date "2025.05.27"]
[Round "4"]
[White "Tifferet, Shakked"]
[Black "Mikhailova, Irina"]
[Result "1-0"]
[WhiteTitle "FM"]
[BlackTitle "WGM"]
[WhiteElo "2332"]
[BlackElo "2143"]
[WhiteFideId "2811529"]
[BlackFideId "4109040"]
[EventDate "2025.05.27"]

1. e4 c5 2. Ne2 Nc6 3. d4 cxd4 4. Nxd4 e5 5. Nf3 Nf6 6. Nc3 Bb4 7. Bc4 O-O 8.
Bg5 h6 9. Bh4 g5 10. Nxg5 hxg5 11. Bxg5 Be7 12. h4 Nh7 13. Qh5 d6 14. Bh6 Kh8
15. Bxf7 Rxf7 16. Qxf7 Qf8 17. Bxf8 1-0

[Event "Titled Tue 27th May Early"]
[Site "chess.com INT"]
[Date "2025.05.27"]
[Round "4"]
[White "Bozorov, Javohir"]
[Black "Rustemov, Alexander"]
[Result "0-1"]
[WhiteTitle "FM"]
[BlackTitle "GM"]
[WhiteElo "2093"]
[BlackElo "2525"]
[WhiteFideId "14216957"]
[BlackFideId "4119002"]
[EventDate "2025.05.27"]

1. d4 d5 2. Bf4 Nf6 3. Nf3 c5 4. e3 Nc6 5. c3 Bg4 6. Nbd2 e6 7. Bd3 Be7 8. Qe2
O-O 9. h3 Bh5 10. g4 Bg6 11. Bxg6 hxg6 12. Ne5 Qb6 13. Ndf3 Nxe5 14. Nxe5 Rfc8
15. h4 Qa6 16. Qf3 Qb5 17. O-O-O cxd4 18. exd4 Ne4 19. Qe3 Ba3 20. Rd2 Rxc3+ 21.
Qxc3 Nxc3 22. h5 g5 23. Bxg5 Ne4 0-1

[Event "Titled Tue 27th May Early"]
[Site "chess.com INT"]
[Date "2025.05.27"]
[Round "4"]
[White "Descarrega Zacarias, Vanessa"]
[Black "Bogaudinov, Rushan"]
[Result "0-1"]
[BlackTitle "FM"]
[WhiteElo "1882"]
[BlackElo "1912"]
[WhiteFideId "3915530"]
[BlackFideId "4129288"]
[EventDate "2025.05.27"]

1. e4 a6 2. Nf3 b5 3. d4 Bb7 4. Nc3 e6 5. Bd3 Nf6 6. Be3 b4 7. Ne2 Nxe4 8. Ng3
Nf6 9. O-O Be7 10. h3 d5 11. Be2 Nbd7 12. c3 c5 13. dxc5 bxc3 0-1

[Event "Titled Tue 27th May Early"]
[Site "chess.com INT"]
[Date "2025.05.27"]
[Round "4"]
[White "Cahaya, Satria Duta"]
[Black "Grahn, Vidar"]
[Result "1-0"]
[WhiteTitle "FM"]
[BlackTitle "FM"]
[WhiteElo "2416"]
[BlackElo "2241"]
[WhiteFideId "7124252"]
[BlackFideId "1744780"]
[EventDate "2025.05.27"]

1. e4 c5 2. Nf3 e6 3. d4 cxd4 4. Nxd4 Nc6 5. Nc3 Qc7 6. Be3 a6 7. Qf3 Nf6 8.
O-O-O Ne5 9. Qg3 b5 10. a3 Bb7 11. Bxb5 Rc8 12. Ba4 Nxe4 13. Nxe4 Bxe4 14. Kb1
Qa5 15. Bb3 h5 16. Bf4 h4 17. Qe3 f5 18. f3 Ng6 19. fxe4 e5 20. Bg5 exd4 21.
Qxd4 Qc7 22. exf5 1-0

[Event "Titled Tue 27th May Early"]
[Site "chess.com INT"]
[Date "2025.05.27"]
[Round "4"]
[White "Devagharan, Devina"]
[Black "Suvradeepta, Das"]
[Result "0-1"]
[WhiteTitle "WFM"]
[BlackTitle "FM"]
[WhiteElo "1860"]
[BlackElo "2254"]
[WhiteFideId "2061600"]
[BlackFideId "5058031"]
[EventDate "2025.05.27"]

1. d4 Nf6 2. c4 e6 3. Nc3 Bb4 4. Nf3 O-O 5. e3 b6 6. Be2 Bb7 7. O-O d6 8. Qc2
Nbd7 9. Rd1 Qe7 10. a3 Bxc3 11. Qxc3 Rfe8 12. b3 Ne4 13. Qc2 f5 14. Bb2 g5 15.
Ne1 h6 16. f3 Nef6 17. d5 exd5 18. Qxf5 Qxe3+ 19. Kh1 Qxe2 20. Qg6+ Kf8 21.
Qxh6+ Kf7 22. Nd3 Rh8 23. Qxg5 Rag8 24. Qf4 Qxg2# 0-1

[Event "Titled Tue 27th May Early"]
[Site "chess.com INT"]
[Date "2025.05.27"]
[Round "4"]
[White "Priasmoro, Novendra"]
[Black "Mizzi, Jack"]
[Result "1-0"]
[WhiteTitle "GM"]
[BlackTitle "CM"]
[WhiteElo "2437"]
[BlackElo "2086"]
[WhiteFideId "7105029"]
[BlackFideId "5602521"]
[EventDate "2025.05.27"]

1. d4 Nf6 2. Nf3 e6 3. g3 b6 4. Bg2 Bb7 5. O-O Be7 6. c4 O-O 7. d5 exd5 8. Nh4
c6 9. cxd5 Nxd5 10. Nf5 Bf6 11. e4 Ne7 12. Nd6 Qc7 13. Nc3 Ba6 14. Re1 Be5 15.
Bf4 Bxf4 16. gxf4 c5 17. e5 Nbc6 18. f5 Rfe8 19. f6 Ng6 20. Nd5 Qd8 21. Nxe8
Qxe8 22. Nc7 Qc8 23. Nxa8 Qxa8 24. Qxd7 Bb7 25. Rad1 h6 26. e6 fxe6 27. Qxg7# 1-0

[Event "Titled Tue 27th May Early"]
[Site "chess.com INT"]
[Date "2025.05.27"]
[Round "4"]
[White "Vingris, Mikelis"]
[Black "Kochavi, Dana"]
[Result "0-1"]
[BlackTitle "FM"]
[WhiteElo "2102"]
[BlackElo "2226"]
[WhiteFideId "11611731"]
[BlackFideId "2837137"]
[EventDate "2025.05.27"]

1. e4 e6 2. d4 d5 3. Nc3 Bb4 4. e5 Ne7 5. h4 c5 6. a3 Qa5 7. Rh3 cxd4 8. Qxd4
Nbc6 9. Qg4 d4 10. Rb1 dxc3 11. axb4 Qa2 12. Rxc3 Qxb1 13. Ne2 O-O 14. f4 Nd5
15. Rc4 Ne3 16. Qg3 Nxc4 17. Kf2 Qxc2 18. f5 N6xe5 19. Bh6 Qxf5+ 20. Kg1 Qg6 0-1

[Event "Titled Tue 27th May Early"]
[Site "chess.com INT"]
[Date "2025.05.27"]
[Round "4"]
[White "Montiel, Angel Nathanael"]
[Black "Fellowes, Billy"]
[Result "0-1"]
[WhiteTitle "CM"]
[BlackTitle "CM"]
[WhiteElo "2011"]
[BlackElo "2193"]
[WhiteFideId "3706923"]
[BlackFideId "483540"]
[EventDate "2025.05.27"]

1. g3 Nc6 2. Bg2 h5 3. h4 d5 4. d3 Nf6 5. Nd2 Bg4 6. Bh3 e5 7. f3 Bxh3 8. Nxh3
Bc5 9. c3 Qd6 10. Nb3 Bb6 11. Bg5 O-O-O 12. Qd2 a5 13. a4 e4 14. Bf4 Qe7 15.
O-O-O Rhe8 16. fxe4 dxe4 17. d4 Qe6 18. Qc2 Nd5 19. e3 f6 20. Nd2 Kb8 21. Qb3
Nce7 22. Rhg1 Qxh3 23. Nxe4 Nxf4 24. exf4 Nd5 25. Rde1 Qh2 26. Qc2 Qxc2+ 27.
Kxc2 Kc8 28. Kd3 Kd7 29. Ref1 Re7 30. c4 Nb4+ 0-1

[Event "Titled Tue 27th May Early"]
[Site "chess.com INT"]
[Date "2025.05.27"]
[Round "4"]
[White "Zakin, Ilay"]
[Black "Molina, Roberto Junio Brito"]
[Result "0-1"]
[WhiteTitle "FM"]
[BlackTitle "IM"]
[WhiteElo "2257"]
[BlackElo "2381"]
[WhiteFideId "2848279"]
[BlackFideId "2109450"]
[EventDate "2025.05.27"]

1. Nf3 d5 2. g3 c6 3. Bg2 Bg4 4. O-O Nd7 5. d3 e6 6. Nbd2 Bd6 7. e4 Ne7 8. b3
O-O 9. Bb2 Re8 10. h3 Bh5 11. g4 Bg6 12. e5 Bc7 13. d4 c5 14. c3 Nc6 15. Re1
cxd4 16. cxd4 Rc8 17. a3 a5 18. Nf1 a4 19. b4 b5 20. Ng3 Nb6 21. h4 h6 22. Bc1
Nc4 23. Bf4 f6 24. g5 hxg5 25. hxg5 fxe5 26. dxe5 Rf8 27. Be3 Bb6 28. Nh4 Nxe3
29. fxe3 Qxg5 30. Nxg6 Qxg6 31. Kh2 Nxe5 32. Rf1 Ng4+ 0-1

[Event "Titled Tue 27th May Early"]
[Site "chess.com INT"]
[Date "2025.05.27"]
[Round "4"]
[White "Lai, Duc Minh"]
[Black "Nayem, Haque"]
[Result "1-0"]
[BlackTitle "FM"]
[WhiteElo "2072"]
[BlackElo "2180"]
[WhiteFideId "12420387"]
[BlackFideId "10217754"]
[EventDate "2025.05.27"]

1. e4 c6 2. d4 d5 3. exd5 Qxd5 4. Nf3 Bg4 5. Be2 Nf6 6. h3 Bh5 7. O-O e6 8. c4
Qd8 9. Nc3 Bd6 10. Qb3 Qc7 11. c5 Be7 12. Ne5 Bxe2 13. Nxe2 O-O 14. Bf4 Nd5 15.
Bg3 Qc8 16. Nc4 Na6 17. Nc3 Rd8 18. Ne4 b6 19. Ned6 Qd7 20. Qa3 Nac7 21. Ne5 Nb5
22. Nxb5 1-0

[Event "Titled Tue 27th May Early"]
[Site "chess.com INT"]
[Date "2025.05.27"]
[Round "4"]
[White "Novosel, Lovro"]
[Black "Zhukovskyi, Oleksandr"]
[Result "0-1"]
[WhiteTitle "FM"]
[BlackTitle "CM"]
[WhiteElo "2346"]
[BlackElo "2153"]
[WhiteFideId "14547120"]
[BlackFideId "14169371"]
[EventDate "2025.05.27"]

1. c4 e5 2. Nc3 Nf6 3. g3 c6 4. d4 exd4 5. Qxd4 d5 6. cxd5 cxd5 7. Bg2 Nc6 8.
Qa4 Bb4 9. a3 Bxc3+ 10. bxc3 O-O 11. Nf3 Ne4 12. c4 Qf6 13. cxd5 Qc3+ 14. Nd2
Nxd2 15. dxc6 Nf3+ 16. Kd1 Rd8+ 0-1

[Event "Titled Tue 27th May Early"]
[Site "chess.com INT"]
[Date "2025.05.27"]
[Round "4"]
[White "Galchenko, Matvey"]
[Black "Salimova, Asal"]
[Result "1-0"]
[WhiteTitle "IM"]
[BlackTitle "WCM"]
[WhiteElo "2442"]
[BlackElo "2003"]
[WhiteFideId "24175480"]
[BlackFideId "14204940"]
[EventDate "2025.05.27"]

1. f4 c5 2. Nf3 Nc6 3. g3 d5 4. Bg2 g6 5. O-O Bg7 6. d3 d4 7. c3 e6 8. e4 dxe3
9. Bxe3 Qe7 10. Nbd2 Bd7 11. Ne4 b6 12. d4 Rd8 13. dxc5 Nf6 14. Nd6+ Kf8 15. Ng5
Be8 16. Qa4 Nd5 17. Bf2 bxc5 18. Nxe8 Qxe8 19. Bxc5+ Kg8 20. Rad1 h6 21. Ne4 Qd7
22. c4 Qc7 23. cxd5 exd5 24. Nf2 1-0

[Event "Titled Tue 27th May Early"]
[Site "chess.com INT"]
[Date "2025.05.27"]
[Round "4"]
[White "Berezin, Viktor RUS"]
[Black "Bold, Andre"]
[Result "0-1"]
[WhiteTitle "FM"]
[BlackTitle "CM"]
[WhiteElo "1921"]
[BlackElo "2235"]
[WhiteFideId "4128869"]
[BlackFideId "16208471"]
[EventDate "2025.05.27"]

1. Nf3 d5 2. g3 Nc6 3. d4 Bf5 4. Bg2 Nb4 5. Na3 e6 6. c3 Nc6 7. Nc2 h6 8. O-O
Nf6 9. Ne5 Nxe5 10. dxe5 Ne4 11. Nd4 Bh7 12. f3 Nc5 13. b4 Nd7 14. f4 Nb6 15.
Re1 c5 16. bxc5 Bxc5 17. e4 dxe4 18. Bxe4 Bxd4+ 19. cxd4 Bxe4 20. Rxe4 O-O 21.
Bb2 Qd5 22. Qe2 Rfc8 23. Rc1 Rxc1+ 24. Bxc1 Rc8 25. Bb2 Qxa2 26. Re3 Qb1+ 27.
Kg2 Rc2 0-1

[Event "Titled Tue 27th May Early"]
[Site "chess.com INT"]
[Date "2025.05.27"]
[Round "4"]
[White "Shirov, Alexei"]
[Black "Velikanov, Alexander"]
[Result "1-0"]
[WhiteTitle "GM"]
[BlackTitle "IM"]
[WhiteElo "2620"]
[BlackElo "2372"]
[WhiteFideId "2209390"]
[BlackFideId "2039290"]
[EventDate "2025.05.27"]

1. e4 c5 2. Nf3 e6 3. d4 cxd4 4. Nxd4 Nc6 5. Nc3 a6 6. g4 Nge7 7. Nb3 Ng6 8. h4
Nxh4 9. g5 Ng6 10. f4 Qc7 11. Qf3 b5 12. Be3 Bb7 13. O-O-O Rc8 14. Bd3 Nb4 15.
Kb1 d5 16. f5 Ne5 17. Qh3 dxe4 18. Be2 Nd5 19. fxe6 Nxc3+ 20. bxc3 Ba3 21. exf7+
Qxf7 22. Bh5 g6 23. Bd4 gxh5 24. Bxe5 O-O 25. Rd7 1-0

[Event "Titled Tue 27th May Early"]
[Site "chess.com INT"]
[Date "2025.05.27"]
[Round "4"]
[White "Krzywda, Andrzej"]
[Black "Eames, Robert S"]
[Result "1-0"]
[WhiteTitle "CM"]
[BlackTitle "FM"]
[WhiteElo "2175"]
[BlackElo "2136"]
[WhiteFideId "1114565"]
[BlackFideId "408743"]
[EventDate "2025.05.27"]

1. e4 c5 2. Nf3 Nc6 3. d4 cxd4 4. Nxd4 Nf6 5. Nc3 h5 6. Bf4 d6 7. Nxc6 bxc6 8.
e5 dxe5 9. Qxd8+ Kxd8 10. Bxe5 Nd7 11. O-O-O f6 12. Bf4 e5 13. Be3 Kc7 14. g3 h4
15. Bg2 Nb6 16. Nb5+ cxb5 17. Bxb6+ Kxb6 18. Bxa8 Bg4 19. Rd8 g6 20. Kb1 h3 21.
f3 Be6 22. Rhd1 Ka5 23. Bd5 Bf5 24. Be4 Bxe4 25. fxe4 Bg7 26. Rxh8 Bxh8 27. Rd7
f5 28. Rh7 Bf6 29. Rf7 Bg5 30. exf5 gxf5 31. Rxf5 Be3 32. Rxe5 Bg1 33. Re2 1-0

[Event "Titled Tue 27th May Early"]
[Site "chess.com INT"]
[Date "2025.05.27"]
[Round "4"]
[White "Protopopescu, Luca"]
[Black "Boramanikar, Tanisha S"]
[Result "1-0"]
[WhiteTitle "CM"]
[BlackTitle "WCM"]
[WhiteElo "2216"]
[BlackElo "1743"]
[WhiteFideId "651088894"]
[BlackFideId "35023454"]
[EventDate "2025.05.27"]

1. Nf3 Nf6 2. g3 g6 3. Bg2 Bg7 4. O-O O-O 5. d4 d5 6. Bd2 c5 7. c3 Nc6 8. Qc1
Qb6 9. dxc5 Qxc5 10. Na3 e5 11. Nc2 Ne4 12. Be3 Qe7 13. Rd1 Be6 14. Nd2 Nd6 15.
Bc5 Rfd8 16. c4 d4 17. Ne4 Rac8 18. Nxd6 Rxd6 19. Bxd6 Qxd6 20. b3 Bg4 21. f3
Bf5 22. Qa3 Qd7 23. Ne1 Bh6 24. Nd3 Be3+ 25. Kh1 Bh3 26. Nc5 Qf5 27. Ne4 Rd8 28.
b4 Qh5 29. Nf6+ 1-0

[Event "Titled Tue 27th May Early"]
[Site "chess.com INT"]
[Date "2025.05.27"]
[Round "4"]
[White "Shahinyan, Vladimir"]
[Black "Saito, Vinicius"]
[Result "1-0"]
[WhiteTitle "CM"]
[WhiteElo "2202"]
[BlackElo "2083"]
[WhiteFideId "13314599"]
[BlackFideId "2113384"]
[EventDate "2025.05.27"]

1. c4 c5 2. Nf3 g6 3. Nc3 Bg7 4. e3 Nf6 5. d4 cxd4 6. exd4 d5 7. cxd5 Nxd5 8.
Bc4 Nxc3 9. bxc3 O-O 10. O-O b6 11. Qb3 Nc6 12. Ng5 e6 13. Bxe6 Na5 14. Bxf7+
Kh8 15. Qd5 Bb7 16. Qxd8 Rfxd8 17. Be6 Bf6 18. Nf7+ Kg7 19. Bh6+ 1-0